000 00290nam a22001337a 4500
008 181204b xxu||||| |||| 00| 0 eng d
020 _a053801220
041 _aeng
080 _214th
_a330.722
100 _a62
101 _aKON
245 _aAccounting Priciples
_cFess
942 _2udc
_cBK
999 _c52805
_d52805